المثقفون العرب والغرب/ (Record no. 12424)
[ view plain ]
| 000 -الفاتح | |
|---|---|
| حقل البيانات ثابتة الطول | 00427nam a22001337a 4500 |
| 008 - عناصر البيانات ثابتة الطول - معلومات عامة | |
| حقل البيانات ثابتة الطول | 090727t xxu||||| |||| 00| 0 ara d |
| 082 ## - رقم تصنيف ديوى العشرى | |
| رقم الطبعة | 22 |
| رقم التصنيف | 306.08 |
| رقم المادة | ش ر ا |
| 100 1# - المدخل الرئيسى - إسم شخصى | |
| 9 (RLIN) | 8081 |
| الإسم الشخصى | شرابى ، هشام |
| 245 12 - بيان العنوان | |
| العنوان | المثقفون العرب والغرب/ |
| بيان المسئوليه,etc | هشام شرابى |
| 250 ## - بيان الطبعة | |
| بيان الطبعة | ط .5 |
| بقية بيان الطبعة | مزيدة ومنقحة |
| 260 ## - PUBLICATION, DISTRIBUTION, ETC. (IMPRINT) | |
| مكان الناشر او الموزع | بيروت: |
| اسم الناشر او الموزع | دار نلسن، |
| تاريخ النشر أو التوزيع | 1999 |
| 300 ## - الوصف المادى | |
| التعداد | 267ص ؛ |
| أبعاد الوعاء | 20 سم |
| 942 ## - عناصر المدخل الإضافي( كوها) | |
| مصدر التصنيف او مخطط الترفيف | Dewey Decimal Classification |
| Koha [default] item type | Book - Borrowing |
| حالة التراجع | حالة الفقد | مصدر التصنيف او خطة الترفيف | حالة تلف | ليس للاعارة | مجموعات كوها | المكان الدائم | المكان الحالي | موقع الترفيف | تاريخ الاكتساب | Source of acquisition | سعر الشراء الطبيعي | تعداد مسلسل / التسلسل الزمني | رقم الاستدعاء | الباركود | Date last seen | مُعار | نوع الوعاء |
|---|---|---|---|---|---|---|---|---|---|---|---|---|---|---|---|---|---|
| Dewey Decimal Classification | Dar Amoag | Central Library | Central Library | First floor | 27/07/2009 | 55.00 | 56 | 306.08 شرا | 000017612 | 15/07/2025 | 23/02/2014 | Book - Borrowing |